000 00688nam a2200205Ia 4500
003 GCL
008 140319s9999 xx 000 0 ara d
040 _aGCL /
_cGCL
082 0 4 _a810.99531
_bم ق
100 1 _aمحمد صالح الشنطى
245 1 0 _aالقصة القصيرة المعاصرة فى المملكة العربية السعودية: دراسة نقدية /
_cمحمد صالح الشنطى
260 _a[S.N] :
_bدار المريخ للنشر ،
_c1987
300 _a357ص
490 _a
650 0 4 _aالادب العربى
650 0 4 _aالسعودية
650 0 4 _aالقصة العربية
650 0 4 _aالادب العالمى
942 _2ddc
_cBK
999 _c53284
_d53284